Platobné podmienky ako prostriedok predchádzania platobnej neschopnosti

Príčiny platobnej neschopnosti. Spôsoby ako možno predísť platobnému riziku. Platobné riziko a výber platobného nástroja.

Guardado en:
Detalles Bibliográficos
Autor principal: Melicheríková, Zuzana
Formato: Capítulo de libro
Lenguaje:eslovaco
Materias:
Etiquetas: Agregar Etiqueta
Sin Etiquetas, Sea el primero en etiquetar este registro!

MARC

LEADER 00000naa$a2200000$$$4500
001 0095957
005 20240502072050.8
041 0 |a slo 
044 |a SK 
245 1 0 |a Platobné podmienky ako prostriedok predchádzania platobnej neschopnosti  |c Zuzana Melicheríková 
520 |a Príčiny platobnej neschopnosti. Spôsoby ako možno predísť platobnému riziku. Platobné riziko a výber platobného nástroja. 
610 2 0 |a insolventnosť 
610 2 0 |a podmienky platobné 
610 2 0 |a pohľadávky 
610 2 0 |a kríza finančná 
610 2 0 |a podnik 
100 1 |a Melicheríková, Zuzana